Normal view
MARC view
- Daskin, Mark.S
Entry Personal Name
001 - CONTROL NUMBER
- control field: 80140
003 - CONTROL NUMBER IDENTIFIER
- control field: NUST
005 - DATE AND TIME OF LATEST TRANSACTION
- control field: 20210628210613.0
008 - FIXED-LENGTH DATA ELEMENTS
- fixed length control field: 210628|| aca||aabn | a|a d
040 ## - CATALOGING SOURCE
- Original cataloging agency: NUST
- Transcribing agency: NUST
100 ## - HEADING--PERSONAL NAME
- Personal name: Daskin, Mark.S
670 ## - SOURCE DATA FOUND
- Source citation: Work cat.: (NUST): Daskin, Mark.S, Network and discrete location models, algorithms, and applications, 1995
